| 000 | 00592cam a2200229 4500 | ||
|---|---|---|---|
| 001 | J64021 | ||
| 008 | 000000n2001 000 0 eng u | ||
| 035 | _a(Sirsi) u111968 | ||
| 050 | _a332.6324 | ||
| 110 |
_aHealey and Baker _91907 |
||
| 245 | _aQuarterly market report. - March 2001 | ||
| 260 |
_aLondon _bHealey and Baker _c2001 |
||
| 300 | _a1 pt ; 30cm. | ||
| 650 | _aINDUSTRIAL PROPERTY | ||
| 650 | _aOFFICES | ||
| 650 | _aPROPERTY INVESTMENT | ||
| 650 | _aRETAIL PROPERTY | ||
| 650 | _aSHOPS | ||
| 650 | _aYIELDS | ||
| 690 | _aPROPERTY-COMMERCIAL PROPERTY | ||
| 942 | _n0 | ||
| 999 |
_c101329 _d101329 |
||